|
|
|
|
| LEADER |
00000nam0a2200000 4500 |
| 001 |
343520 |
| 005 |
20231102005552.0 |
| 010 |
|
|
|a 9785160142579
|
| 035 |
|
|
|a (RuTPU)RU\TPU\book\373909
|
| 090 |
|
|
|a 343520
|
| 100 |
|
|
|a 20191008d2019 m y0rusy50 ca
|
| 101 |
0 |
|
|a rus
|
| 102 |
|
|
|a RU
|
| 105 |
|
|
|a a j 001zy
|
| 200 |
1 |
|
|a Компьютерное моделирование многофазных течений при решении задач техносферной безопасности
|e учебное пособие
|f Е. Ю. Шарай
|g под ред. В. А. Девисилова
|
| 210 |
|
|
|a Москва
|c Инфра-М
|d 2019
|
| 215 |
|
|
|a 128 с.
|c ил.
|
| 225 |
1 |
|
|a Высшее образование. Магистратура
|
| 320 |
|
|
|a Библиогр.: с. 124-125
|
| 330 |
|
|
|a Учебное пособие посвяшено решению задач гидродинамики многофазных течений на основе численного моделирования с применением программного комплекса ANSYS Workbench на базе системы анализа ANSYS CFX. Рассмотрены основные понятия численного моделирования, методология численных расчетов, модели многофазных течений. Приведены примеры решения задач гидродинамики и сепарации частиц в каналах и аппаратах защиты атмосферы и гидросферы. Соответствует требованиям Федеральных государственных образовательных стандартов высшего образования последнего поколения и программам курса лекций и практических занятий по компьютерному моделированию гидродинамических и сепарационных процессов, входящих в подготовку магистров по направлению "Техносферная безопасность". Для студентов-магистрантов, обучающихся по направлению "Техносферная безопасность". Может быть полезно студентам других направлений и специальностей, аспирантам, а также всем тем, кто интересуется компьютерным моделированием гидравлических и сепарационных процессов.
|
| 606 |
1 |
|
|a Многофазные среды
|x Аэрогидродинамика
|2 stltpush
|3 (RuTPU)RU\TPU\subj\44175
|9 63546
|
| 610 |
1 |
|
|a физика
|
| 610 |
1 |
|
|a многофазные течения
|
| 610 |
1 |
|
|a многофазные потоки
|
| 610 |
1 |
|
|a компьютерное моделирование
|
| 610 |
1 |
|
|a математические модели
|
| 610 |
1 |
|
|a многофазные дисперсные системы
|
| 610 |
1 |
|
|a атмосфера
|
| 610 |
1 |
|
|a гидросфера
|
| 610 |
1 |
|
|a защита
|
| 610 |
1 |
|
|a движение
|
| 610 |
1 |
|
|a частицы Лагранжа
|
| 610 |
1 |
|
|a сопротивление
|
| 610 |
1 |
|
|a ANSYS Workbench
|
| 610 |
1 |
|
|a ANSYS CFX
|
| 610 |
1 |
|
|a циклоны
|
| 610 |
1 |
|
|a техносферная безопасность
|
| 610 |
1 |
|
|a задачи
|
| 610 |
1 |
|
|a решения
|
| 610 |
1 |
|
|a учебные пособия
|
| 675 |
|
|
|a 532.529(075.8)
|v 4
|
| 700 |
|
1 |
|a Шарай
|b Е. Ю.
|g Елена Юрьевна
|
| 702 |
|
1 |
|a Девисилов
|b В. А.
|4 340
|
| 801 |
|
1 |
|a RU
|b 63413507
|c 20191008
|
| 801 |
|
2 |
|a RU
|b 63413507
|c 20191114
|g RCR
|
| 942 |
|
|
|c BK
|
| 959 |
|
|
|a 13/20191008
|d 2
|e 533,50
|f УФ:1
|f ЧЗТЛ:1
|